Normal view
MARC view
- الحسيني، أيمن
Entry Personal Name
001 - CONTROL NUMBER
- control field: 6943
003 - CONTROL NUMBER IDENTIFIER
- control field: JO-AjAnu
005 - DATE AND TIME OF LATEST TRANSACTION
- control field: 20230606071426.0
008 - FIXED-LENGTH DATA ELEMENTS
- fixed length control field: 230606|| aca||aabn | a|a d
040 ## - CATALOGING SOURCE
- Original cataloging agency: JO-AjAnu
- Transcribing agency: JO-AjAnu
100 ## - HEADING--PERSONAL NAME
- Personal name: الحسيني، أيمن
670 ## - SOURCE DATA FOUND
- Source citation: Work cat.: (JO-AjAnu)3596: الحسيني، أيمن, author, الأعشاب والجنس: صحتك الجنسية في الأعشاب والنباتات والغذاء